Coach Hyatt is a riot! / (Record no. 2129)

MARC details
000 -LEADER
fixed length control field 01012cam a2200325 a 4500
005 - DATE AND TIME OF LATEST TRANSACTION
control field 20250409155424.0
020 ## - INTERNATIONAL STANDARD BOOK NUMBER
International Standard Book Number 9780061554087
020 ## - INTERNATIONAL STANDARD BOOK NUMBER
International Standard Book Number 9780061554063
040 ## - CATALOGING SOURCE
Original cataloging agency DLC
Transcribing agency DLC
Modifying agency DLC
Language of cataloging eng
050 00 - LIBRARY OF CONGRESS CALL NUMBER
Classification number PZ7.G9846
Item number Co 2009
082 00 - DEWEY DECIMAL CLASSIFICATION NUMBER
Classification number 303
Edition number 22
100 1# - MAIN ENTRY--PERSONAL NAME
Personal name Gutman, Dan
245 10 - TITLE STATEMENT
Title Coach Hyatt is a riot! /
Statement of responsibility, etc. Dan Gutman ; pictures by Jim Paillot.
250 ## - EDITION STATEMENT
Edition statement First Edition
260 ## - PUBLICATION, DISTRIBUTION, ETC.
Place of publication, distribution, etc. New York :
Name of publisher, distributor, etc. HarperCollins,
Date of publication, distribution, etc. 2009
300 ## - PHYSICAL DESCRIPTION
Extent 106 pages :
Other physical details illustrations
Dimensions 22 cm
490 0# - SERIES STATEMENT
Series statement My weird school daze ;
Volume/sequential designation 4
505 ## - FORMATTED CONTENTS NOTE
Formatted contents note K
520 ## - SUMMARY, ETC.
Summary, etc. A new football coach arrives at school and, with help from an unexpected new team member, the Moose win a game.
521 2# - TARGET AUDIENCE NOTE
Target audience note 530
Source Lexile
521 2# - TARGET AUDIENCE NOTE
Target audience note K
Source Raz-Plus
650 #1 - SUBJECT ADDED ENTRY--TOPICAL TERM
Topical term or geographic name entry element Football
Form subdivision Fiction.
650 #1 - SUBJECT ADDED ENTRY--TOPICAL TERM
Topical term or geographic name entry element Schools
Form subdivision Fiction.
650 #1 - SUBJECT ADDED ENTRY--TOPICAL TERM
Topical term or geographic name entry element Coaches (Athletics)
Form subdivision Fiction.
650 #1 - SUBJECT ADDED ENTRY--TOPICAL TERM
Topical term or geographic name entry element Humorous stories.
700 1# - ADDED ENTRY--PERSONAL NAME
Personal name Paillot, Jim
Relator term illustrator
906 ## - LOCAL DATA ELEMENT F, LDF (RLIN)
a 7
b cbc
c orignew
d 1
e ecip
f 20
g y-gencatlg
942 ## - ADDED ENTRY ELEMENTS (KOHA)
Source of classification or shelving scheme Dewey Decimal Classification
Koha item type Books
Suppress in OPAC No
999 ## -
-- 2129
-- 2129
Holdings
Withdrawn status Lost status Source of classification or shelving scheme Damaged status Not for loan Collection Home library Current library Shelving location Date acquired Total Checkouts Full call number Barcode Date last seen Date last checked out Price effective from Koha item type Copy number
    Dewey Decimal Classification     Juvenile Fiction Footprints International School Library Network Toul Kork Campus Footprints International School Library Network Toul Kork Campus TK Primary Library Room(4th Floor), Bookcase 3&4, Shelves 17-32, Yellow Books 11/07/2023 1 PAI 303 PZ7.G9846 FISTK00517 04/24/2026 04/03/2026 11/07/2023 Books  
    Dewey Decimal Classification     Juvenile Fiction Footprints International School Library Network Toul Tom Poung Campus Footprints International School Library Network Toul Tom Poung Campus TTP Primary Yellow Bookshelves 04/09/2025   PAI 303 PZ7.G9846 2025-1057 04/09/2025   04/09/2025 Books 2